000 00498nam a2200157Ia 4500
003 SGT
020 _a9798173666048
082 _a5.133
_bJOH
100 _aJohnson,Rod
245 _aExpet one-on-one J2EE Design and development
260 _bShroff Publishers & Distributors Pvt. Ltd.
_aNew Delhi
_c2002
300 _a743p.
650 _aCOMPUTER SCIENCE
653 _aINTRODUCTION ARCHITECTURES,STATE MANAGEMENT,TESTING J2 EE APPLICATIONS,REQUIREMENTS FOR THE SAMPLE APPLICATION
942 _2ddc
_cBK
999 _c5678
_d5678